Дело по приему из Главного казначейства разных сумм

Доступно только в Электронных читальных залах Найти на картеНа карте
RUSMARC
00003516nmc2a2200000 x 450
001e36b3c30-3db0-4d73-99fb-b02fa86b7ebe
00520151215172710.0
100##$a20150828l18241824k l0rusy0189 ca
1010#$arus
102##$aRU
2001#$aДело по приему из Главного казначейства разных сумм
$j5 января - 29 декабря 1824 г.
251##$cДело
300##$aДело
801#0$aRU
$bРГИА
$c20150828
$gRCR
801#1$aRU
$bГлавНИВЦ
$c20150828
$2rusmarc
801#2$aRU
$bПБ им. Б.Н. Ельцина
$c20151215
$gRCR
$2rusmarc
850##$aРГИА
852##$aРГИА
$eФедеральное казенное учреждение "Российский государственный исторический архив" (РГИА)
$j1
937##$hРГИА
$d12091144
$aASBIBLIO_SCAN
462#0$1001a9fc4311-d96c-4d89-aedd-b49335c2f336
$12001
$aДела Хозяйственного отделения Департамента народного просвещения за 1824-1832 гг.
$1251
$cОпись
$1852
$j103
461#0$1001a74412a3-3cc5-4d21-8f0a-dfe2fbd9e72d
$12001
$aДепартамент народного просвещения Министерства народного просвещения
$1251
$cФонд
$1852
$j733
215##$a32 л.
$d36,5х26 см
371##$aДокумент не является опубликованным и широко распространяемым
105##$ay###
1222#$ad
035##$ae36b3c30-3db0-4d73-99fb-b02fa86b7ebe
Формат отображения